000 00467nam a2200217Ia 4500
001 13388
003 GE_BSU
008 181216s||||||||xx |||||||||||||| ||und||
020 _a187583094
040 _cGE_BSU
080 _a57
100 _aJenkins,Morton
245 _aHuman biology
260 _aLondon
260 _bEducational
260 _c1994
300 _a242p.ill.30cm.
653 _aHuman biology
653 _aბიოლოგია
942 _cBK
999 _c46549
_d46549